Southville International School and Colleges
Your cart is empty.
  • Cart
  • Lists
    Public lists Eva Luna New books Lux_list list_1
    Your lists Log in to create your own lists
  • Log in to your account
  • Your cookies
  • Search history
Southville International School and Colleges
  • Advanced search
  • Recent comments
  • Most popular
  • Libraries

Log in to your account

Log in with GOOGLE


If you do not have an external account, but do have a local account, you can still log in:

  1. Home
  2. MARC view: Creative tourism /
Normal view MARC view ISBD view

Creative tourism / (Record no. 48519)

[ view plain ]
MARC details
000 -LEADER
fixed length control field 00602nam a2200217Ia 4500
003 - CONTROL NUMBER IDENTIFIER
control field SISC
005 - DATE AND TIME OF LATEST TRANSACTION
control field 20170116093756.0
008 - FIXED-LENGTH DATA ELEMENTS--GENERAL INFORMATION
fixed length control field 140321s9999 xx 000 0 und d
020 ## - INTERNATIONAL STANDARD BOOK NUMBER
International Standard Book Number 9788183568975
050 ## - LIBRARY OF CONGRESS CALL NUMBER
Classification number G 156.5.H47
Item number .W168 2011
100 ## - MAIN ENTRY--PERSONAL NAME
Personal name Walsh, Thomas.
245 ## - TITLE STATEMENT
Title Creative tourism /
Statement of responsibility, etc Thomas Walsh.
250 ## - EDITION STATEMENT
Edition statement 1st edition.
260 ## - PUBLICATION, DISTRIBUTION, ETC. (IMPRINT)
Place of publication, distribution, etc New Delhi :
Name of publisher, distributor, etc Discovery Pub. House,
Date of publication, distribution, etc 2011.
300 ## - PHYSICAL DESCRIPTION
Extent 216 pages :
Dimensions 23 cm.
500 ## - GENERAL NOTE
General note Includes bibliographical references and index.
650 ## - SUBJECT ADDED ENTRY--TOPICAL TERM
Topical term or geographic name as entry element Heritage tourism.
650 ## - SUBJECT ADDED ENTRY--TOPICAL TERM
Topical term or geographic name as entry element Tourism.
942 ## - ADDED ENTRY ELEMENTS (KOHA)
Call number prefix Foreign
Koha item type Books
Source of classification or shelving scheme Library of Congress Classification
Holdings
Withdrawn status Lost status Source of classification or shelving scheme Damaged status Home library Current library Shelving location Date acquired Source of acquisition Total Checkouts Full call number Barcode Date last seen Price effective from Koha item type
    Library of Congress Classification   College Library College Library General Circulation Section 03/21/2014 Donation   G 156.5.H47 .W168 2011 C17802 05/15/2018 03/21/2014 Books

Creative tourism /

APA

Walsh T., . (2011). Creative tourism. New Delhi: Discovery Pub. House.

Chicago

Walsh Thomas, . 2011. Creative tourism. New Delhi: Discovery Pub. House.

Harvard

Walsh T., . (2011). Creative tourism. New Delhi: Discovery Pub. House.

MLA

Walsh Thomas, . Creative tourism. New Delhi: Discovery Pub. House. 2011.

  • Place hold
  • Print
  • Cite
  • Add to your cart (remove)
  • Save record
    BIBTEX Dublin Core MARCXML MARC (non-Unicode/MARC-8) MARC (Unicode/UTF-8) MARC (Unicode/UTF-8, Standard) MODS (XML) RIS
  • More searches
    Search for this title in:
    Other Libraries (WorldCat) Other Databases (Google Scholar) Online Stores (Bookfinder.com) Open Library (openlibrary.org)

Exporting to Dublin Core...

SOUTHVILLE LIBRARY

Southville International School and Colleges Library

1281 Tropical Ave. Cor. Luxembourg St., BF Homes International, Las Pinas City

Tel. No. 8256374 / 252358 Loc. 117/146

Powered by Koha